00242 a2200097 4500020001800000022001800018050001200036082001200048245003600060260004800096 a9781782091981 a9781782091981 aEJF MAG aEJF MAG a50 Magical StoriescMiles Kelly aGreat BritainbMiles Kelly Publishingc2013